| 000 | 01235cam a22003255a 4500 | ||
|---|---|---|---|
| 001 | 17270224 | ||
| 003 | OSt | ||
| 005 | 20160817192101.0 | ||
| 008 | 120424s2010 enk 000 0 eng | ||
| 010 | _a 2012379835 | ||
| 020 | _a9781853158667 | ||
| 020 | _a1853158666 | ||
| 040 |
_aDLC _cDLC _dDLC |
||
| 042 | _apcc | ||
| 082 |
_aWB 18 _bS36g 2011 |
||
| 100 | 1 |
_aKhan, Seema. _910758 |
|
| 245 | 1 | 0 |
_aGet through medical school : _b1100 SBAs/BOFs and EMQs / _cby Seema Khan. |
| 250 | _a2nd ed. | ||
| 260 |
_aLondon : _bRoyal Society of Medicine Press, _c2011. |
||
| 300 |
_axviii, 337 p. ; _c24 cm. |
||
| 500 | _aPrevious edition published in 2003. | ||
| 504 | _aIncludes bibliographical references. | ||
| 650 | 0 |
_aMedicine _vExaminations, questions, etc. _910520 |
|
| 650 | 0 |
_aMedical students _vExaminations, questions, etc. _910759 |
|
| 856 | 4 | 2 |
_3Publisher description _uhttp://www.loc.gov/catdir/enhancements/fy1214/2012379835-d.html |
| 856 | 4 | 2 |
_3Contributor biographical information _uhttp://www.loc.gov/catdir/enhancements/fy1302/2012379835-b.html |
| 906 |
_a0 _bibc _corigres _d2 _encip _f20 _gy-gencatlg |
||
| 942 |
_2z _cO_SHELF |
||
| 999 |
_c5020 _d5020 |
||